[Event "BCF-chT2b 1516 (4NCL)"]
[Site "England"]
[Date "2016.03.19"]
[Round "7.11"]
[White "Bowmer, Kevin"]
[Black "Meadows, Michael"]
[Result "1-0"]
[WhiteElo "2050"]
[BlackElo "1975"]
[PlyCount "71"]
[EventDate "2015.11.14"]
[EventType "team-tourn"]
[EventRounds "7"]
[EventCountry "ENG"]
[SourceTitle "EXT 2017"]
[Source "ChessBase"]
[SourceDate "2016.10.25"]
[SourceVersion "1"]
[SourceVersionDate "2016.10.25"]
[SourceQuality "1"]
[WhiteTeam "Hackney"]
[BlackTeam "Downend & Fishponds"]
[WhiteTeamCountry "ENG"]
[BlackTeamCountry "ENG"]

1. e4 e5 2. Nf3 Nc6 3. Bb5 a6 4. Ba4 Nf6 5. 0-0 Be7 6. Re1 b5 7. Bb3 d6 8. c3 0-0 9. h3 Bb7 10. d4 Re8 11. Nbd2 Bf8 12. Bc2 exd4 13. cxd4 Nb4 14. Bb1 c5 15. d5 a5 16. a3 Na6 17. b3 Nb8 18. Bd3 Qb6 19. Bb2 Nbd7 20. a4 Ba6 21. axb5 Bxb5 22. Qc2 Bxd3 23. Qxd3 a4 24. Bxf6 Nxf6 25. bxa4 Ra7 26. Nc4 Qc7 27. a5 Nd7 28. Reb1 g6 29. Rb5 Bg7 30. Rab1 Nf6 31. e5 dxe5 32. d6 e4 33. dxc7 exd3 34. Rb7 Rxb7 35. Rxb7 Nd5 36. a6 1-0

[Event "BCF-chT3S 1415 (4NCL)"]
[Site "England"]
[Date "2015.01.11"]
[Round "4.77"]
[White "Meadows, Michael"]
[Black "Quinn, John M"]
[Result "1/2-1/2"]
[WhiteElo "1888"]
[BlackElo "2119"]
[PlyCount "40"]
[EventDate "2014.11.15"]
[EventType "team-swiss"]
[EventRounds "6"]
[EventCountry "ENG"]
[SourceTitle "EXT 2016"]
[Source "ChessBase"]
[SourceDate "2015.10.08"]
[SourceVersion "1"]
[SourceVersionDate "2015.10.08"]
[SourceQuality "1"]
[WhiteTeam "Downend & Fishponds"]
[BlackTeam "Celtic Tigers"]
[WhiteTeamCountry "ENG"]
[BlackTeamCountry "ENG"]

1. e4 c5 2. Nf3 e6 3. d4 cxd4 4. Nxd4 Nc6 5. Nc3 Qc7 6. Be3 a6 7. Be2 Nf6 8. 0-0 Bb4 9. Na4 Be7 10. Nxc6 bxc6 11. Nb6 Rb8 12. Nxc8 Qxc8 13. Bd4 c5 14. Bc3 0-0 15. Qd3 Rb6 16. b3 d5 17. exd5 Nxd5 18. Be5 Bf6 19. Bxf6 Nxf6 20. Rfd1 Qc7 1/2-1/2

[Event "BCF-chT3S 1415 (4NCL)"]
[Site "England"]
[Date "2014.11.15"]
[Round "1.12"]
[White "Meadows, Michael"]
[Black "Manger, John D"]
[Result "1-0"]
[WhiteElo "1818"]
[BlackElo "1766"]
[PlyCount "59"]
[EventDate "2014.11.15"]
[EventType "team-swiss"]
[EventRounds "6"]
[EventCountry "ENG"]
[SourceTitle "CBM 163 Extra"]
[Source "ChessBase"]
[SourceDate "2014.12.23"]
[SourceVersion "1"]
[SourceVersionDate "2014.12.23"]
[SourceQuality "1"]
[WhiteTeam "Downend & Fishponds"]
[BlackTeam "e2e4.org.uk V"]
[WhiteTeamCountry "ENG"]
[BlackTeamCountry "ENG"]

1. e4 e5 2. Nf3 Nc6 3. Bb5 Bc5 4. 0-0 d6 5. c3 a6 6. Ba4 b5 7. Bc2 Bg4 8. h3 Bh5 9. d3 Nf6 10. Bg5 h6 11. Be3 Ba7 12. Bxa7 Rxa7 13. Nbd2 0-0 14. Qe2 Re8 15. Rfd1 Qe7 16. Nf1 Nd8 17. Ng3 Bxf3 18. Qxf3 Ne6 19. Nf5 Qf8 20. Nxh6+ gxh6 21. Qxf6 Qg7 22. Qxg7+ Kxg7 23. g3 Rg8 24. Bb3 Ng5 25. h4 Nh7 26. a4 Rb7 27. Bd5 Rbb8 28. axb5 axb5 29. Ra7 Nf6 30. Bc6 1-0

[Event "BCF-chT3S 1314 (4NCL)"]
[Site "England"]
[Date "2014.02.16"]
[Round "6.157"]
[White "Meadows, Michael"]
[Black "Cumming, Rhys"]
[Result "1/2-1/2"]
[WhiteElo "1785"]
[BlackElo "2038"]
[PlyCount "38"]
[EventDate "2013.11.16"]
[EventType "team-swiss"]
[EventRounds "6"]
[EventCountry "ENG"]
[SourceTitle "EXT 2015"]
[Source "ChessBase"]
[SourceDate "2014.11.20"]
[SourceVersion "1"]
[SourceVersionDate "2014.11.20"]
[SourceQuality "1"]
[WhiteTeam "Bristol University"]
[BlackTeam "Sussex Smart Survivors"]
[WhiteTeamCountry "ENG"]
[BlackTeamCountry "ENG"]

1. e4 c5 2. Nf3 Nc6 3. d4 cxd4 4. Nxd4 g6 5. Be3 Bg7 6. Nc3 Nf6 7. Bc4 0-0 8. Bb3 a5 9. 0-0 a4 10. Nxa4 Nxe4 11. Nb5 d6 12. Bb6 Qd7 13. Qe2 Nf6 14. Rad1 Qf5 15. Nc7 Rb8 16. Nc3 Qh5 17. Qxh5 Nxh5 18. Rfe1 Nf6 19. N3b5 Bd7 1/2-1/2

[Event "BCF-chT3S 1314 (4NCL)"]
[Site "England"]
[Date "2013.11.17"]
[Round "2.12"]
[White "Tarr, Steve"]
[Black "Meadows, Michael"]
[Result "1/2-1/2"]
[WhiteElo "1737"]
[BlackElo "1764"]
[PlyCount "54"]
[EventDate "2013.11.16"]
[EventType "team-swiss"]
[EventRounds "6"]
[EventCountry "ENG"]
[SourceTitle "CBM 157 Extra"]
[Source "ChessBase"]
[SourceDate "2013.12.19"]
[SourceVersion "1"]
[SourceVersionDate "2013.12.19"]
[SourceQuality "1"]
[WhiteTeam "Shropshire"]
[BlackTeam "Bristol University"]
[WhiteTeamCountry "ENG"]
[BlackTeamCountry "ENG"]

1. d4 Nf6 2. Bf4 c5 3. c3 d5 4. e3 Nc6 5. Nd2 Bf5 6. Qb3 Qb6 7. dxc5 Qxb3 8. Nxb3 e5 9. Bg3 Ne4 10. Bb5 Nxg3 11. hxg3 a6 12. Ba4 Bc2 13. Nf3 f6 14. Nfd2 0-0-0 15. Bxc6 bxc6 16. Na5 Bxc5 17. Nxc6 Rd6 18. Nb4 Bg6 19. Nb3 Bb6 20. Rd1 Rhd8 21. Rd2 a5 22. Nd3 d4 23. cxd4 exd4 24. Nf4 dxe3 25. fxe3 a4 26. Rxd6 Rxd6 27. Nd4 Bxd4 1/2-1/2

[Event "London e2e4 Diamond Jubilee op-B"]
[Site "London"]
[Date "2012.06.05"]
[Round "6"]
[White "Meadows, Michael"]
[Black "Mehmood, Athar"]
[Result "1-0"]
[WhiteElo "1782"]
[BlackElo "1702"]
[PlyCount "69"]
[EventDate "2012.06.02"]
[EventType "swiss"]
[EventRounds "7"]
[EventCountry "ENG"]
[SourceTitle "EXT 2014"]
[Source "ChessBase"]
[SourceDate "2013.11.20"]
[SourceVersion "1"]
[SourceVersionDate "2013.11.20"]
[SourceQuality "1"]

1. e4 c5 2. Nf3 d6 3. d4 cxd4 4. Nxd4 Nf6 5. Nc3 a6 6. Be3 e5 7. Nb3 Be7 8. f3 Be6 9. Qd2 0-0 10. 0-0-0 b5 11. g4 Nc6 12. h4 Rc8 13. h5 Nb4 14. Kb1 d5 15. g5 d4 16. gxf6 Bxf6 17. Nxd4 exd4 18. Bxd4 Bxd4 19. Qxd4 Qe7 20. h6 f6 21. Qd6 Qxd6 22. Rxd6 Rc6 23. Rd4 Nxa2 24. Nxa2 Bxa2+ 25. Kxa2 g6 26. Rh2 Rfc8 27. c3 Rb8 28. Rhd2 g5 29. Rd8+ Rxd8 30. Rxd8+ Kf7 31. Rd7+ Kg6 32. Bh3 Kxh6 33. Bf5 g4 34. f4 Kh5 35. Rxh7# 1-0

[Event "London e2e4 Diamond Jubilee op-B"]
[Site "London"]
[Date "2012.05.06"]
[Round "7"]
[White "Sandercock, E Barry"]
[Black "Meadows, Michael"]
[Result "0-1"]
[WhiteElo "1740"]
[BlackElo "1782"]
[PlyCount "74"]
[EventDate "2012.06.02"]
[EventType "swiss"]
[EventRounds "7"]
[EventCountry "ENG"]
[SourceTitle "EXT 2014"]
[Source "ChessBase"]
[SourceDate "2013.11.20"]
[SourceVersion "1"]
[SourceVersionDate "2013.11.20"]
[SourceQuality "1"]

1. Nf3 Nf6 2. d4 d5 3. e3 c5 4. b3 Nc6 5. Bb2 Bg4 6. Be2 e6 7. 0-0 Bd6 8. Ne5 Bxe2 9. Qxe2 0-0 10. f4 cxd4 11. exd4 Qb6 12. c3 Ne4 13. Kh1 Qd8 14. Nd2 f5 15. Rf3 Qh4 16. Nxe4 fxe4 17. Qf2 Qxf2 18. Rxf2 Nxe5 19. dxe5 Bxe5 20. g3 Rac8 21. Rc2 Bf6 22. Rac1 Rc7 23. Kg2 Rfc8 24. Kf2 b5 25. c4 bxc4 26. Bxf6 gxf6 27. Ke3 Kf7 28. Kd4 Ke7 29. bxc4 Rc5 30. a4 f5 31. Rb2 Rxc4+ 32. Rxc4 Rxc4+ 33. Ke5 Rc7 34. Rb8 e3 35. Rh8 e2 36. Rxh7+ Kd8 37. Kd6 Rxh7 0-1

[Event "BCF-chT3 1011 (4NCL)"]
[Site "England"]
[Date "2011.05.01"]
[Round "10.48"]
[White "Meadows, Michael"]
[Black "Williamson, Roger G"]
[Result "0-1"]
[WhiteElo "1834"]
[BlackElo "2187"]
[PlyCount "64"]
[EventDate "2010.11.06"]
[EventType "team-swiss"]
[EventRounds "9"]
[EventCountry "ENG"]
[SourceTitle "EXT 2012"]
[Source "ChessBase"]
[SourceDate "2011.11.24"]
[SourceVersion "1"]
[SourceVersionDate "2011.11.24"]
[SourceQuality "1"]
[WhiteTeam "Bristol III"]
[BlackTeam "Aigburth"]
[WhiteTeamCountry "ENG"]
[BlackTeamCountry "ENG"]

1. e4 e5 2. Nf3 Nc6 3. Bb5 Bc5 4. 0-0 Qf6 5. Nc3 Nge7 6. d3 h6 7. Be3 Bb6 8. Ne2 d6 9. Ng3 g5 10. d4 0-0 11. dxe5 dxe5 12. c3 Ng6 13. a4 a6 14. Bxb6 cxb6 15. Nh5 Qe7 16. Be2 g4 17. Nd2 Qg5 18. Bxg4 Rd8 19. Bxc8 Raxc8 20. f4 exf4 21. Rf2 Nce5 22. Ra2 Nd3 23. Rf1 Qc5+ 24. Kh1 Nf2+ 25. Rxf2 Qxf2 26. b3 Rxc3 27. Nf6+ Kf8 28. Nd5 Re3 29. Nf1 Rxd5 30. exd5 Qxa2 31. Nxe3 fxe3 32. d6 Qd2 0-1